| 000 | 00408nam a2200169Ia 4500 | ||
|---|---|---|---|
| 008 | 230524s9999 xx 000 0 und d | ||
| 020 | _a9788184880243 | ||
| 082 |
_a652.166 _bGUP |
||
| 100 | _aP.K.Gupta | ||
| 245 | 0 | _aInsurance and Risk Management | |
| 250 | _aIST | ||
| 260 |
_aNEW DELHI _bHimalaya _c2008 |
||
| 300 | _aXII;210 | ||
| 500 | _aQuantity Number: 40 | ||
| 650 | _aManagement | ||
| 942 | _cBK | ||
| 999 |
_c43120 _d43120 |
||